000 00503nam a2200181Ia 4500
003 OSt
005 20240215094115.0
008 210210b1928 xxu||||| |||| 00| 0 eng d
040 _cAL
041 _aKannada
082 _a852/208
100 _aGUNDAPPA (D V) ಗುಂಡಪ್ಪ (ಡಿ ವಿ )
_9131890
245 _aVrattapatrikegalu
_bವೃತ್ತ ಪತ್ರಿಕೆಗಳು
260 _aBengaluru
_b-
_c1928
690 _aKannada Prose
_9131892
906 _a018776
942 _2ddc
_cBK
999 _c142330
_d142330